जीवन मरण (Record no. 323778)

MARC details
000 -LEADER
fixed length control field 00471nam a2200169Ia 4500
008 - FIXED-LENGTH DATA ELEMENTS--GENERAL INFORMATION
fixed length control field 090711s9999 xx 000 0 und d
082 ## - DEWEY DECIMAL CLASSIFICATION NUMBER
Item number 137
100 ## - MAIN ENTRY--PERSONAL NAME
Personal name दळवी श्रीकांत
245 ## - TITLE STATEMENT
Title जीवन मरण
260 ## - PUBLICATION, DISTRIBUTION, ETC. (IMPRINT)
Date of publication, distribution, etc 1997
300 ## - PHYSICAL DESCRIPTION
Extent 250
600 ## - SUBJECT ADDED ENTRY--PERSONAL NAME
Personal name दळवी श्रीकांत
630 ## - SUBJECT ADDED ENTRY--UNIFORM TITLE
Uniform title जीवन मरण
700 ## - ADDED ENTRY--PERSONAL NAME
Personal name दळवी श्रीकांत
730 ## - ADDED ENTRY--UNIFORM TITLE
Uniform title जीवन मरण
942 ## - ADDED ENTRY ELEMENTS (KOHA)
Koha item type Book

No items available.